Statistics for Diplomatic Missions of Samoa

Click here to take the quiz!

General Stats

  • This quiz has been taken 26 times
    (19 since last reset)
  • The average score is 16 of 19

Answer Stats

MissionAnswer% Correct
CountryAustralia
100%
CountryChina
100%
CountryUnited States
100%
CountryFiji
92%
CountryJapan
92%
CountryNew Zealand
92%
EmbassyBeijing
85%
High CommissionCanberra
85%
EmbassyGeneva
85%
EmbassyNew York
85%
High CommissionSuva
85%
CountrySwitzerland
85%
Consulate GeneralSydney
85%
Consulate GeneralAuckland
77%
EmbassyTokyo
77%
High CommissionWellington
77%
CountryBelgium
69%
EmbassyBrussels
62%
Consulate GeneralPago Pago
46%

Score Distribution

Percentile by Number Answered

Percent of People with Each Score

Your Score History

You have not taken this quiz since the last reset